000 00360nam a2200145Ia 4500
008 230917s9999||||xx |||||||||||||| ||und||
040 _e75325
_aMAIN
041 _aEnglish
082 _a658.8 B469M
100 _aBhatia, B S, ed.
245 0 _aModern marketing management
260 _aNew Delhi
_bDeep & Deep
_c2000
300 _axiii, 325 p.
942 _cBK
999 _c105993
_d105993